[Event "Padova op-B 15th"]
[Site "Padova"]
[Date "2012.12.23"]
[Round "6"]
[White "Tomio, Dante"]
[Black "Tissino, Tiziano"]
[Result "1-0"]
[WhiteElo "1845"]
[BlackElo "1776"]
[PlyCount "78"]
[EventDate "2012.12.15"]
[EventType "swiss"]
[EventRounds "6"]
[EventCountry "ITA"]
[SourceTitle "EXT 2015"]
[Source "ChessBase"]
[SourceDate "2014.11.20"]
[SourceVersion "1"]
[SourceVersionDate "2014.11.20"]
[SourceQuality "1"]

1. d4 Nf6 2. Nf3 b6 3. e3 e6 4. Bd3 Bb7 5. Nbd2 Be7 6. 0-0 d5 7. b3 0-0 8. Bb2 Nbd7 9. Ne5 c5 10. f4 Rc8 11. Qf3 cxd4 12. exd4 Bb4 13. c3 Ne4 14. Nxe4 dxe4 15. Bxe4 Bxe4 16. Qxe4 Bxc3 17. Bxc3 Rxc3 18. Qe1 Rc7 19. Rd1 Nf6 20. f5 exf5 21. Rxf5 Rc2 22. Rf2 Rxf2 23. Qxf2 Ne4 24. Qe3 Qd5 25. Re1 Nf6 26. Rc1 h6 27. Rc7 a5 28. Nc6 Qe4 29. Qxe4 Nxe4 30. Rb7 Nc3 31. Rxb6 Nxa2 32. d5 Nc3 33. d6 Nd5 34. Rb5 Nc3 35. Rxa5 Re8 36. d7 Re1+ 37. Kf2 Re2+ 38. Kf3 g5 39. d8Q+ Kg7 1-0